| 000 | 02889cam a2200397 i 4500 | ||
|---|---|---|---|
| 999 |
_c8868 _d8868 |
||
| 001 | 6931417 | ||
| 003 | OCoLC | ||
| 005 | 20241126110700.0 | ||
| 008 | 810128s1980 miua b 001 0 eng | ||
| 010 | _a80149011 | ||
| 020 | _a0801042194 (pbk.) | ||
| 020 | _a9780801042195 (pbk.) | ||
| 035 | _atcgc215031 | ||
| 035 | _a(OCoLC)6931417 | ||
| 040 |
_aDLC _beng _erda _cDLC _dBAKER _dBTCTA _dOCLCQ _dSGB _dOCLCF _dSGB |
||
| 050 | 0 | 0 |
_aBV652.24 _b.H47 |
| 082 | 0 | 0 |
_a266 _221 _bHES |
| 090 |
_aBV652.24 _b.H47 1980 |
||
| 100 | 1 |
_aHesselgrave, David J. _0http://id.loc.gov/authorities/names/n77015286 _92560 |
|
| 245 | 1 | 0 |
_aPlanting churches cross-culturally : _ba guide for home and foreign missions / _cDavid J. Hesselgrave ; foreword by Donald A. McGavran ; contributions by Earl J. Blomberg. |
| 264 | 1 |
_aGrand Rapids, Mich. : _bBaker Book House, _c[1980] |
|
| 264 | 4 | _c℗♭1980 | |
| 300 |
_a462 pages : _billustrations ; _c22 cm |
||
| 336 |
_atext _btxt _2rdacontent |
||
| 337 |
_aunmediated _bn _2rdamedia |
||
| 338 |
_avolume _bnc _2rdacarrier |
||
| 504 | _aIncludes bibliographical references (p. 439-447) and indexes. | ||
| 505 | 0 | 0 |
_tThe heart of the Christian mission -- _tMethod and mission -- _tEducation for mission -- _tLeading the mission -- _tSelecting target areas -- _tDeploying the resources -- _tMeasuring growth -- _tThe missionaries commissioned -- _tThe audience contacted -- _tThe Gospel communicated -- _tThe hearers converted -- _tThe believers congregated -- _tThe faith confirmed -- _tThe leaders consecrated -- _tThe believers commended -- _tThe relationships continued -- _tThe sending church convened -- _gBibliography. |
| 520 | _aThis practical and biblical volume offers serious students and practitioners of mission a step-by-step approach to developing a master plan for entering a new community with a church planting program. Each aspect of the master plan is developed theologically, scientifically, and practically. Cultural differences are analyzed, and missionaries are guided in how to transcend their own cultural background. In biblical terms, the Christian mission is explained in a way that places evangelism and church planting and growth at the heart. Responsibilities of church leaders are clarified -- how to devise strategies and deploy resources to enter new areas, convert people, and organize churches. The framework for these church planting activities is the Pauline Cycle. - Back cover. | ||
| 650 | 0 |
_aChurch development, New. _0http://id.loc.gov/authorities/subjects/sh85025596 _942 |
|
| 650 | 0 |
_aChurch growth. _0http://id.loc.gov/authorities/subjects/sh85025616 _9291 |
|
| 650 | 0 |
_aMissions. _0http://id.loc.gov/authorities/subjects/sh85086032 _9885 |
|
| 650 | 0 |
_aEvangelistic work. _0http://id.loc.gov/authorities/subjects/sh85045940 _9290 |
|
| 700 | 1 |
_aBlomberg, Earl J. _0http://id.loc.gov/authorities/names/n81006040 _915571 |
|
| 942 |
_2ddc _cBK _017 |
||